Southville International School and Colleges
Your cart is empty.
  • Cart
  • Lists
    Public lists Eva Luna New books Lux_list list_1
    Your lists Log in to create your own lists
  • Log in to your account
  • Your cookies
  • Search history
Southville International School and Colleges
  • Advanced search
  • Recent comments
  • Most popular
  • Libraries

Log in to your account

Log in with GOOGLE


If you do not have an external account, but do have a local account, you can still log in:

  1. Home
  2. MARC view: Human types :
Normal view MARC view ISBD view

Human types : (Record no. 288429)

[ view plain ]
MARC details
000 -LEADER
fixed length control field 00683nam a22002170 4500
003 - CONTROL NUMBER IDENTIFIER
control field PILC
005 - DATE AND TIME OF LATEST TRANSACTION
control field 20150824074554.0
008 - FIXED-LENGTH DATA ELEMENTS--GENERAL INFORMATION
fixed length control field /0/1
050 ## - LIBRARY OF CONGRESS CALL NUMBER
Classification number GN 315
Item number .F5 1958
100 1# - MAIN ENTRY--PERSONAL NAME
Personal name Firth, Raymond William,
Dates associated with a name 1901-
245 10 - TITLE STATEMENT
Title Human types :
Remainder of title an introduction to social anthropology /
Statement of responsibility, etc Raymond Firth.
250 ## - EDITION STATEMENT
Edition statement Revised edition.
260 ## - PUBLICATION, DISTRIBUTION, ETC. (IMPRINT)
Place of publication, distribution, etc New York :
Name of publisher, distributor, etc New American Library,
Date of publication, distribution, etc 1958.
300 ## - PHYSICAL DESCRIPTION
Extent 176 pages :
Other physical details illustrations ;
Dimensions 18 cm.
500 ## - GENERAL NOTE
General note "A Mentor book."
500 ## - GENERAL NOTE
General note Originally published : Edinburgh : T. Nelson, 1958.
650 ## - SUBJECT ADDED ENTRY--TOPICAL TERM
Topical term or geographic name as entry element Ethnology.
650 ## - SUBJECT ADDED ENTRY--TOPICAL TERM
Topical term or geographic name as entry element Race.
650 ## - SUBJECT ADDED ENTRY--TOPICAL TERM
Topical term or geographic name as entry element Society, Primitive.
942 ## - ADDED ENTRY ELEMENTS (KOHA)
Source of classification or shelving scheme Library of Congress Classification
Koha item type Books
Call number prefix Foreign
Holdings
Withdrawn status Lost status Source of classification or shelving scheme Damaged status Home library Current library Shelving location Date acquired Source of acquisition Total Checkouts Full call number Barcode Date last seen Price effective from Koha item type
    Library of Congress Classification   Archives Archives   08/24/2015 Donation   GN 315 .F5 1958 C19721 05/15/2018 08/24/2015 Books

Human types :

APA

Firth R. W., . (1958). Human types. New York: New American Library.

Chicago

Firth Raymond William, . 1958. Human types. New York: New American Library.

Harvard

Firth R. W., . (1958). Human types. New York: New American Library.

MLA

Firth Raymond William, . Human types. New York: New American Library. 1958.

  • Place hold
  • Print
  • Cite
  • Add to your cart (remove)
  • Save record
    BIBTEX Dublin Core MARCXML MARC (non-Unicode/MARC-8) MARC (Unicode/UTF-8) MARC (Unicode/UTF-8, Standard) MODS (XML) RIS
  • More searches
    Search for this title in:
    Other Libraries (WorldCat) Other Databases (Google Scholar) Online Stores (Bookfinder.com) Open Library (openlibrary.org)

Exporting to Dublin Core...

SOUTHVILLE LIBRARY

Southville International School and Colleges Library

1281 Tropical Ave. Cor. Luxembourg St., BF Homes International, Las Pinas City

Tel. No. 8256374 / 252358 Loc. 117/146

Powered by Koha